| Tag |
First Indicator |
Second Indicator |
Subfields |
| LEADER |
00000pam a2200000 i 4500 |
| 001 |
in00000302995 |
| 005 |
20151010142635.0 |
| 008 |
741209s1975 inu b 00110 eng |
| 010 |
|
|
|a 74031443
|
| 020 |
|
|
|a 0253354102
|
| 035 |
|
|
|a (OCoLC)01130093
|
| 035 |
|
|
|9 ABH4532AM
|
| 040 |
|
|
|a DLC
|c DLC
|d TXA
|d UtOrBLW
|
| 041 |
1 |
|
|a eng
|a rus
|
| 043 |
|
|
|a a-cc---
|a e-ur---
|
| 049 |
|
|
|a TXAM
|c [1182172]
|
| 050 |
0 |
0 |
|a DK68.7.C5
|b B6313 1975
|
| 100 |
1 |
|
|a Borisov, Oleg Borisovich.
|
| 245 |
1 |
0 |
|a Soviet-Chinese relations, 1945-1970 /
|c O. B. Borisov and B. T. Koloskov; edited with an introductory essay by Vladimir Petrov.
|
| 264 |
|
1 |
|a Bloomington :
|b Indiana University Press,
|c [1975]
|
| 264 |
|
4 |
|c ©1975
|
| 300 |
|
|
|a xviii, 364 pages ;
|c 25 cm.
|
| 336 |
|
|
|a text
|b txt
|2 rdacontent
|
| 337 |
|
|
|a unmediated
|b n
|2 rdamedia
|
| 338 |
|
|
|a volume
|b nc
|2 rdacarrier
|
| 500 |
|
|
|a Translation of Sovetsko-kitaiskie otnosheniia.
|
| 504 |
|
|
|a Includes bibliographical references and index.
|
| 651 |
|
0 |
|a Soviet Union
|x Foreign relations
|z China.
|
| 651 |
|
0 |
|a China
|x Foreign relations
|z Soviet Union.
|
| 700 |
1 |
|
|a Koloskov, B. T.
|q (Boris Trofimovich)
|
| 999 |
|
|
|a MARS
|
| 999 |
f |
f |
|s 10325644-20ba-39c7-9a44-94eaba1be019
|i be400a8e-143f-358f-85de-19c6440f39c0
|t 0
|
| 952 |
f |
f |
|p ric
|a Texas A&M University
|b Rellis Campus
|c Joint Library Facility
|d Remote Storage
|t 0
|e DK68.7.C5 B6313 1975
|h Library of Congress classification
|i unmediated -- volume
|m A14801999615
|
| 998 |
f |
f |
|a DK68.7.C5 B6313 1975
|t 0
|l Remote Storage
|